| 000 | 00766nam a22001937a 4500 | ||
|---|---|---|---|
| 999 |
_c58823 _d58823 |
||
| 003 | Ge_BSU | ||
| 005 | 20221005145025.0 | ||
| 008 | 221005s2004 ge ||||| |||| 00| 0 geo d | ||
| 041 | _ageo | ||
| 080 | _a 113/119 ა-30 | ||
| 100 |
_aავალიანი, სერგი _9356 |
||
| 245 |
_aXX საუკუნის ნატურფილოსოფია / _c [რედ.: მამუკა დოლიძე] ; საქ. ფილოსოფ. მეცნ. აკად. |
||
| 264 |
_aთბ., _c2004. |
||
| 300 |
_a588 გვ. ; _b 20სმ. |
||
| 504 | _a ბიბლიოგრ.: გვ. 581-588. | ||
| 653 | _aბუნების ფილოსოფია. | ||
| 653 | _aნატურფილოსოფია. | ||
| 942 |
_2udc _cBK |
||